Hardship grants unclaimed (Record no. 66596)

MARC details
000 -LEADER
fixed length control field 00769cam a2200217 4500
001 - CONTROL NUMBER
control field WB3714-43
008 - FIXED-LENGTH DATA ELEMENTS--GENERAL INFORMATION
fixed length control field 000000n2001 000 0 eng u
035 ## - SYSTEM CONTROL NUMBER
System control number (Sirsi) u111770
245 ## - TITLE STATEMENT
Title Hardship grants unclaimed
260 ## - PUBLICATION, DISTRIBUTION, ETC.
Date of publication, distribution, etc. 2001
490 ## - SERIES STATEMENT
Series statement Scotsman
Volume/sequential designation 2 April 2001, 4(1)
520 ## - SUMMARY, ETC.
Summary, etc. Scottish farmers and others whose income is dependent on the farming industry are failing to make claims for financial help from the Arthur Rank Centre's Addington Fund set up to deal with hardship caused by the foot and mouth crisis. RSABI; tel: 0131 333 1023
590 ## - LOCAL NOTE (RLIN)
Local note WB
650 ## - SUBJECT ADDED ENTRY--TOPICAL TERM
Topical term or geographic name entry element HARDSHIP RELIEF
650 ## - SUBJECT ADDED ENTRY--TOPICAL TERM
Topical term or geographic name entry element FINANCIAL ASSISTANCE
650 ## - SUBJECT ADDED ENTRY--TOPICAL TERM
Topical term or geographic name entry element FARMING INDUSTRY
650 ## - SUBJECT ADDED ENTRY--TOPICAL TERM
Topical term or geographic name entry element FARMING
650 ## - SUBJECT ADDED ENTRY--TOPICAL TERM
Topical term or geographic name entry element RURAL ECONOMY
690 ## - LOCAL SUBJECT ADDED ENTRY--TOPICAL TERM (OCLC, RLIN)
Topical term or geographic name as entry element Rural
9 (RLIN) 6268
942 ## - ADDED ENTRY ELEMENTS (KOHA)
Suppress in OPAC 0
Holdings
Withdrawn status Lost status Source of classification or shelving scheme Damaged status Not for loan Home library Current library Shelving location Date acquired Total Checkouts Full call number Barcode Date last seen Copy number Price effective from Koha item type
    Dewey Decimal Classification     London London News article 03/04/2001   WB3714-43 111770-1001 06/08/2019 1 06/08/2019 News article